01160cam a2200277 a 450000100100000000500170001000800410002702000270006804000320009508200150012724500970014225000110023926000710025030000170032149000530033850000380039150400530042960000540048265100360053665000440057270000390061670000370065583000570069295201180074999900150086700000696120200929154031.0890719s1988 ck b f001 0bspa d a9586430324 (tapa dura) bBNPHUcspadBNPHUaDO-SdBNP axxxxbxxxx00aEscritos sobre Santander /ccompiladores Horacio Rodríguez Plata y Juan Camilo Rodíguez. a2a ed. aBogotá :bBiblioteca de la Presidencia de la República,c1988. av. ;c25 cm.1 aBiblioteca de la Presidencia de la República : aLa biblioteca sólo posee el v.1 aIncluye referencias bibliográficas e índice.10aSantander, Francisco de Paula,d1792-1840.918039 0aColombiazHistoryy1810-919339 0aPresidentszColombiaxBiography.9193401 aRodríguez Plata, Horacio.9193411 aRodríguez, Juan Camilo.919342 0aBiblioteca de la Presidencia de la República97504 001054708MOaGRbGRcCTd2009-09-03iLF1l0oxxxx xxxxp6961-10r2020-06-25w2020-06-25y4ZPréstamo en sala c6745d6745